Economía : elementos de micro y macroeconomía /
Guardado en:
| Otros Autores: | , |
|---|---|
| Formato: | Libro |
| Idioma: | Spanish |
| Publicado: |
Buenos Aires, Argentina :
McGraw-Hill Interamericana,
2001.
|
| Edición: | 2a ed. |
| Etiquetas: |
Agregar Etiqueta
Sin Etiquetas, Sea el primero en etiquetar este registro!
|
| LEADER | 00584nam a22001695a 4500 | ||
|---|---|---|---|
| 001 | EEA.libagro007249 | ||
| 005 | 20180605112109.0 | ||
| 008 | 130809s2001####ag#a##########000#0#spa#d | ||
| 020 | |a 9562780929 | ||
| 082 | 0 | 4 | |a 330 |
| 245 | 1 | 0 | |a Economía : |b elementos de micro y macroeconomía / |c Víctor A. Beker, Francisco Mochón Morcillo. |
| 250 | |a 2a ed. | ||
| 260 | |a Buenos Aires, Argentina : |b McGraw-Hill Interamericana, |c 2001. | ||
| 300 | |a 399 p. : |b il. ; |c 23 cm. | ||
| 700 | 1 | |a Beker, Víctor A. | |
| 700 | 1 | |a Mochón Morcillo, Francisco. | |
| 859 | |a AR-BbBCA |b BIB. AGRONOMIA |h 330 |i B396a2 |p 2004/4620 | ||
